书目信息 |
| 书名: | Concepts and results in chaotic dynamics | |
| 作者: | Pierre Collet, Jean-Pierre Eckmann. | |
| 分册号: | ||
| 分册名: | 出版地: | 北京 : |
|
| 出版社: | 科学出版社 | |
| 出版时间: | 2011. | |
| 页数: | xii, 230 p. : | |
| 开本: | 24 cm. | |
| 丛书名: | ||
| 中图分类号: | ||
| 科图分类号: | ||
| 其他分类号: | O415.5 | |
| 主题词: | ||
| 电子资源: | ||
| 000 | 01002nam a2200289 a 4500 | |
| 001 | E1434477243 | |
| 005 | 20140402101438.21 | |
| 008 | 110722r20112006cc a b 001 0 eng d | |
| 020 | @a9787030313898 (hb.). :@cCNY68.00. | |
| 040 | @aRUC@cRUC | |
| 090 | @aO193/X92 | |
| 092 | @anhys2011113039 | |
| 093 | @aO193 @2 4 | |
| 099 | @dO415.5@ex37 | |
| 100 | 1 | @aCollet, Pierre,@d1948- |
| 245 | 10 | @aConcepts and results in chaotic dynamics :@ba short course = 混沌动力系统的概念和结果 / @cPierre Collet, Jean-Pierre Eckmann. |
| 246 | 31 | @a混沌动力系统的概念和结果 |
| 260 | @a北京 :@b科学出版社,@c2011. | |
| 300 | @axii, 230 p. :@bill. ;@c24 cm. | |
| 490 | 0 | @a国外数学名著系列(影印版) ;@v73 |
| 500 | @aTextbook for graduates. | |
| 504 | @aIncludes bibliographical references (p. [215]-226) and index. | |
| 534 | @pReprint. Originally published:@cBerlin : Springer,c2006. | |
| 650 | 0 | @aDifferentiable dynamical systems. |
| 650 | 0 | @a理论物理学 |
| 700 | 1 | @aEckmann, Jean Pierre. |
| 920 | @a232010@z2 | |
| Concepts and results in chaotic dynamics : : a short course = 混沌动力系统的概念和结果 / / Pierre Collet, Jean-Pierre Eckmann.-北京 : : 科学出版社, , 2011. |
| xii, 230 p. : : ill. ; ; 24 cm.- (国外数学名著系列(影印版) ; 73) |
| Textbook for graduates.-Includes bibliographical references (p. [215]-226) and index. |
| ISBN 9787030313898 (hb.). :CNY68.00. |
| ● |
| 相关链接 |
|
|
|
|
正题名:Concepts and results in chaotic dynamics
索取号:O415.5/x37
 
预约/预借
| 序号 | 登录号 | 条形码 | 馆藏地/架位号 | 状态 | 备注 |
| 1 | 0018007 | 300180079 | 第二样本阅览室/ [索取号:O415.5/x37] | 在馆 | |
| 2 | 0018008 | 300180088 | 第四借阅区/ [索取号:O415.5/x37] | 在馆 | |
| 3 | 0018009 | 300180097 | 第四借阅区/ [索取号:O415.5/x37] | 在馆 | |
| 4 | 0018010 | 300180104 | 数信系资料室/ [索取号:O415.5/x37] | 在馆 |